Conjugaisons être (auxiliaire) espagnol - Statistiques

Statistiques générales
  • Ce quiz a été pris 96 fois
  • Le résultat moyen est 34 sur 61
Statistiques - réponses
verbe % Correct
yo soy
100%
él, ella, usted es
98%
être (auxiliaire) ser
98%
nosostros somos
97%
ellos, ellas, ustedes son
97%
eres
95%
vosostros sois
76%
1 Imparfait 1
62%
ellos, ellas, ustedes eran
60%
yo fui
60%
él, ella, usted serà
60%
seràs
60%
yo seré
60%
yo era
59%
él, ella, usted era
59%
vosostros erais
59%
nosostros éramos
59%
eras
59%
él, ella, usted fue
59%
nosostros fuimos
59%
fuiste
59%
ellos, ellas, ustedes seràn
59%
vosostros seréis
59%
nosostros seremos
59%
ellos, ellas, ustedes fueron
57%
vosostros fuisteis
57%
2 Futur 2
56%
56%
yo sea
56%
él, ella, usted sea
56%
vosostros seàis
56%
nosostros seamos
56%
ellos, ellas, ustedes sean
56%
seas
56%
3 Prétérit 3
54%
4 Impératif 4
54%
5 Subjonctif présent 5
51%
6 Subjonctif imparfait 6
49%
yo sería
48%
él, ella, usted sería
48%
vosostros seríais
48%
nosostros seríamos
48%
ellos, ellas, ustedes serían
48%
serías
48%
7 Subjonctif imparfait (2) 7
46%
8 Conditionnel 8
46%
vosostros sed
43%
10 Participe passé sido
41%
9 Gérondif siendo
40%
yo fuera
38%
él, ella, usted fuera
38%
vosostros fuerais
38%
nosostros fuéramos
38%
ellos, ellas, ustedes fueran
38%
fueras
38%
yo fuese
33%
él, ella, usted fuese
33%
vosostros fueseis
33%
nosostros fuésemos
33%
ellos, ellas, ustedes fuesen
33%
fueses
33%
Aucun quiz correspondant
Distribution des résultats
% des personnes avec chaque résultat
Percentile par nombre de réponses
Votre historique - résultats
Vous n’avez pas pris ce quiz